<?xml version="1.0" encoding="UTF-8"?>
<record
    xmlns:xsi="http://www.w3.org/2001/XMLSchema-instance"
    xsi:schemaLocation="http://www.loc.gov/MARC21/slim http://www.loc.gov/standards/marcxml/schema/MARC21slim.xsd"
    xmlns="http://www.loc.gov/MARC21/slim">

  <leader>01201pam a2200217   4500</leader>
  <controlfield tag="001">6066</controlfield>
  <controlfield tag="005">20181127180822.0</controlfield>
  <datafield tag="010" ind1=" " ind2=" ">
    <subfield code="a">   86001879</subfield>
  </datafield>
  <datafield tag="020" ind1=" " ind2=" ">
    <subfield code="a">0937938254 </subfield>
    <subfield code="c"></subfield>
  </datafield>
  <datafield tag="100" ind1="0" ind2=" ">
    <subfield code="a"> Donden, Yeshi,</subfield>
    <subfield code="d">1929-</subfield>
  </datafield>
  <datafield tag="245" ind1="1" ind2="0">
    <subfield code="a">Health through balance :</subfield>
    <subfield code="b">an introduction to Tibetan medicine /</subfield>
    <subfield code="c">Yeshi Donden ; edited and translated by Jeffrey Hopkins ; co-translated by Lobsang Rabgay and Alan Wallace.</subfield>
  </datafield>
  <datafield tag="250" ind1=" " ind2=" ">
    <subfield code="a">1st ed., U.S.A.</subfield>
  </datafield>
  <datafield tag="260" ind1=" " ind2=" ">
    <subfield code="a">Ithaca, N.Y., USA :</subfield>
    <subfield code="b">Snow Lion Publications,</subfield>
    <subfield code="c">1986.</subfield>
  </datafield>
  <datafield tag="300" ind1=" " ind2=" ">
    <subfield code="a">252 p. :</subfield>
    <subfield code="b">ill. ;</subfield>
    <subfield code="c">22 cm.</subfield>
  </datafield>
  <datafield tag="500" ind1=" " ind2=" ">
    <subfield code="a">Includes index.</subfield>
  </datafield>
  <datafield tag="504" ind1=" " ind2=" ">
    <subfield code="a">Bibliography: p. [228]-229.</subfield>
  </datafield>
  <datafield tag="505" ind1=" " ind2=" ">
    <subfield code="a">Outline of Disease -- Course Of Study -- The Body -- Defining The Body -- Wind, Bile, And Phlegm -- Seven Physical Constituents -- Causes, Conditions, And Entrances -- Diagnosis -- Pulse 1 -- Pulse 2 -- Questioning -- Urinalysis -- Treatment -- Behavior -- Diet: Grains And Meats -- Diet: Oils, Herbs, And Cooking -- Diabetes -- Tumors -- Virilification and Rejuvenation -- Meditative Transformation Of Medicine -- Outline of the Ambrosia Heart Tantra.</subfield>
    <subfield code="g"></subfield>
    <subfield code="r"></subfield>
    <subfield code="t"></subfield>
  </datafield>
  <datafield tag="650" ind1=" " ind2="0">
    <subfield code="a">Medicine, Tibetan.</subfield>
  </datafield>
  <datafield tag="650" ind1=" " ind2="2">
    <subfield code="a">Medicine, Oriental Traditional</subfield>
    <subfield code="z">China.</subfield>
  </datafield>
  <datafield tag="700" ind1="1" ind2=" ">
    <subfield code="a">Hopkins, Jeffrey.</subfield>
  </datafield>
  <datafield tag="999" ind1=" " ind2=" ">
    <subfield code="c">5121</subfield>
    <subfield code="d">5121</subfield>
  </datafield>
  <datafield tag="952" ind1=" " ind2=" ">
    <subfield code="0">0</subfield>
    <subfield code="1">0</subfield>
    <subfield code="2">ddc</subfield>
    <subfield code="4">0</subfield>
    <subfield code="7">0</subfield>
    <subfield code="8">MAIN</subfield>
    <subfield code="a">RTCLIB</subfield>
    <subfield code="b">RTCLIB</subfield>
    <subfield code="c">MAIN</subfield>
    <subfield code="d">2021-07-07</subfield>
    <subfield code="h"> </subfield>
    <subfield code="i">9603</subfield>
    <subfield code="o">610  DON</subfield>
    <subfield code="p">30008189</subfield>
    <subfield code="r">2021-02-04 00:00:00</subfield>
    <subfield code="w">2018-11-27</subfield>
    <subfield code="y">MAIN</subfield>
  </datafield>
</record>
